|
|
|
|
| LEADER |
00000nam a2200000 a 4500 |
| 001 |
UCH3746 |
| 003 |
CL-VaPUC |
| 008 |
090813e20070000SP |||||||||||||||||spa|d |
| 020 |
|
|
|a 9788493551520
|
| 082 |
0 |
4 |
|a 370.15
|b LOZ
|2 21
|
| 100 |
|
|
|a Lozano Martínez, Josefina
|e autora
|9 539223
|
| 245 |
1 |
0 |
|a Educar en la diversidad
|
| 250 |
|
|
|a 1a. ed
|
| 300 |
|
|
|a 228 p
|
| 942 |
|
|
|c BK
|
| 945 |
|
|
|d 20090813 00:00:00
|a dcastane
|
| 260 |
|
|
|a Barcelona
|b Davinci
|c 2007
|
| 650 |
|
0 |
|a Educación
|9 258661
|
| 650 |
|
0 |
|a Psicología educacional
|9 307830
|
| 650 |
|
0 |
|a Filosofía de la educación
|9 258384
|
| 650 |
|
0 |
|a Docentes
|9 311365
|
| 650 |
|
7 |
|a ESTRATEGIAS EDUCATIVAS
|2 CL-VaPUC
|9 406967
|
| 583 |
|
|
|a last modification
|c 20090813 00:00:00
|k Rodrigo Vera
|
| 490 |
0 |
|
|a Redes, 9
|
| 999 |
|
|
|c 335179
|d 335177
|
| 952 |
|
|
|0 0
|1 0
|4 0
|6 370_150000000000000_LOZ_2007
|7 0
|8 A
|9 424846
|a BIBHIS
|b BIBHIS
|d 2019-11-22
|i 4589114
|o 370.15 LOZ 2007
|p 4589114
|r 2025-01-20
|w 2019-11-22
|y BK
|k HIS
|